| 000 | 00728cab a2200205 4500 | ||
|---|---|---|---|
| 001 | X607 | ||
| 008 | 090401t1993 xxu||||| |||| 00| 0 eng d | ||
| 035 | _a(Sirsi) u66521 | ||
| 041 | _aeng | ||
| 100 | _aClark, Michael, Anthony | ||
| 245 | _aPlanning a sustainable future: long-term livelihood | ||
| 260 | _c1993 | ||
| 350 | _a0 | ||
| 490 |
_aTown & Country Planning _v62(3) March 1993, 38-41(4) |
||
| 520 | _aLooks at progress on the greening of the economy and how environmental planning can help us to secure sustainable livelihoods. Eighth of series of articles linked to TCPA report (due mid-1993). | ||
| 650 | _aSUSTAINABLE DEVELOPMENT | ||
| 690 | _aPLANNING LAW AND PRACTICE | ||
| 942 | _n0 | ||
| 948 | _c04/03/1997 | ||
| 999 |
_c41558 _d41558 |
||